000 00711nam a2200205Ii 4500
003 JO-AjNU
008 230605s9999||||xx |||||||||||||| ||und||
017 _a1978/5103
040 _aJO-AjNU
_bara
_erda
_cJO-AjNU
041 _aara
050 1 4 _aPJ6074.A75 1978
100 3 _aموسى، أشرف محمد,
_eauthor
_936603
245 0 0 _aالكتابة العربية الأدبية والعلمية
264 3 1 _aالقاهرة: مكتبة الخانجي، 1978
300 _a166ص
336 _atext
_btxt
_2rdacontent
337 _aunmediated
_bn
_2rdamedia
338 _avolume
_bnc
_2rdacarrier
650 4 _aاللغة العربي - الكتابة الأدبية - الكتابة العلمية
_936604
999 _aA15222
_c18790
_d18790